Introduction to business statistics : a Microsoft Excel, integrated approach /
Guardado en:
| Autor Principal: | |
|---|---|
| Otros Autores: | , |
| Formato: | Libro |
| Idioma: | English |
| Publicado: |
Mason, Ohio :
South-Western/Thomson Learning,
c2003.
|
| Edición: | 6th ed. |
| Materias: | |
| Acceso en línea: | Contributor biographical information Publisher description Table of contents only |
| Etiquetas: |
Agregar Etiqueta
Sin Etiquetas, Sea el primero en etiquetar este registro!
|
| LEADER | 01251cam a22003014a 4500 | ||
|---|---|---|---|
| 001 | EAD.ead004348 | ||
| 008 | 020418s2002####ohua##########001#0#eng## | ||
| 005 | 20190625130313.0 | ||
| 245 | 1 | 0 | |a Introduction to business statistics : |b a Microsoft Excel, integrated approach / |c Alan H. Kvanli, Robert J. Pavur, Kellie B. Keeling. |
| 250 | |a 6th ed. | ||
| 260 | |a Mason, Ohio : |b South-Western/Thomson Learning, |c c2003. | ||
| 300 | |a xvi, 917 p. : |b il. ; |c 29 cm. + |e 1 CD-ROM (4 3/4 in.). | ||
| 500 | |a Incluye índice. | ||
| 020 | |a 0324156987 | ||
| 100 | 1 | |a Kvanli, Alan H. | |
| 700 | 1 | |a Pavur, Robert J. | |
| 700 | 1 | |a Keeling, Kellie R. | |
| 082 | 0 | 0 | |a 519.5/0285 |2 21 |
| 650 | 7 | |a Estadística. |2 unbist | |
| 650 | 7 | |a Procesamiento de datos. |2 unbist | |
| 653 | |a Microsoft Excel | ||
| 010 | |a 2002066986 | ||
| 040 | |a DLC |c DLC |d DLC | ||
| 050 | 0 | 0 | |a HF1017 |b .K83 2002 |
| 856 | 4 | 2 | |3 Contributor biographical information |u http://www.loc.gov/catdir/enhancements/fy1105/2002066986-b.html |
| 856 | 4 | 2 | |3 Publisher description |u http://www.loc.gov/catdir/enhancements/fy1105/2002066986-d.html |
| 856 | 4 | 1 | |3 Table of contents only |u http://www.loc.gov/catdir/enhancements/fy1105/2002066986-t.html |
| 859 | |a AR-BaBDC |b BIB. ADMINISTRACION - Libros |h 519.5 |i K971 |p b06973 | ||
